| 000 | 00647nam a2200205 u 4500 | ||
|---|---|---|---|
| 005 | 20240927063721.0 | ||
| 008 | 140319s2004 r 000 0 eng d | ||
| 020 | _a9706288341 | ||
| 035 | _aUPN01000196436 | ||
| 049 | _aCG | ||
| 050 | 4 |
_aHB850.5 M6 _bP6.2 |
|
| 245 | 0 | 0 |
_aPoblación y desarrollo en México y el mundo CIPD + 10 / _ccoord. Elena Zúñiga Herrera. |
| 260 |
_aMéxico : _bCONAPO, _c2004. |
||
| 300 |
_a218 p. : _bil. |
||
| 651 | 4 |
_aMEXICO - _xPOBLACION _916070 |
|
| 650 | 0 |
_aDemografía _zMéxico _913253 |
|
| 650 | 4 |
_aPolítica de población _919798 |
|
| 700 | 1 |
_aZúñiga Herrera, María Elena, _ecoord. _942338 |
|
| 905 | _aLibro | ||
| 999 |
_c168537 _d168537 |
||